The social of American educators.

Uloženo v:
Podrobná bibliografie
Hlavní autor: Curti, Merle (autor)
Médium: Kniha
Jazyk:angličtina
Témata:
Tagy: Přidat tag
Žádné tagy, Buďte první, kdo vytvoří štítek k tomuto záznamu!

MARC

LEADER 00000cam^a2200000uu^4500
001 000489331
005 20250521000000.0
008 032210s1935^^^^^^^^^^^^rd^r^^000^0^eng^d
009 20260526150712.376
035 |a FCE 000032523 
035 |a FCE 021168 
037 |a Acervo ITESO - Biblioteca 
041 |a eng 
082 0 4 |a 370.973  |b CURs 
100 |a Curti, Merle  |e (autor) 
245 1 4 |a The social of American educators. 
264 |a Estados Unidos :  |b Charles Scribeners Sons,  |c 1935. 
300 |a 613 p. 
336 |a texto  |b txt  |2 rdacontenido 
337 |a sin mediación  |b n  |2 rdamedio 
338 |a volumen  |b nc  |2 rdasoporte 
649 |a XX 
650 |a Desarrollo de la educación 
650 |a Reforma de la educación 
650 |a Educación y sociedad 
650 |a Educadores 
650 |a Políticas de educación 
650 |a Estados Unidos 
910 |a Fondo Centro de Estudios Educativos 
920 |a Impresos - Libros 
930 |a Fondos Especiales 
905 |a 133 
901 |a ALE021168  |b IT2  |c CEE  |u 20250521 
902 |a https://opac.biblio.iteso.mx/vufind/Record/000489331